000 00426nam a2200145Ia 4500
005 20250310031432.0
008 240331s9999 xx 000 0 und d
082 _bYOG
_25131
_a894.811
100 _aYoganathan, S
245 0 _aJanagi
260 _aMadras,
_bKalaignaan Pathippagam
_c1985
300 _a132 p.,
500 _aA story on overcoming life's struggles by the youth, which is usually mistaken to be love.
942 _cL
999 _c3796
_d3796